[Event "GER-chT U20"]
[Site "Arendsee"]
[Date "2008.12.28"]
[Round "3.4"]
[White "Katte, Nicolas"]
[Black "Hummel, Dennis"]
[Result "0-1"]
[WhiteElo "1906"]
[BlackElo "1814"]
[PlyCount "92"]
[EventDate "2008.12.27"]
[EventType "team-swiss"]
[EventRounds "7"]
[EventCountry "GER"]
[SourceTitle "CBM 128 Extra"]
[Source "ChessBase"]
[SourceDate "2009.03.05"]
[SourceVersion "2"]
[SourceVersionDate "2009.03.25"]
[SourceQuality "1"]
[WhiteTeam "Schott Mainz"]
[BlackTeam "Neuberg"]
[WhiteTeamCountry "GER"]
[BlackTeamCountry "GER"]

1. d4 d5 2. Nf3 Nf6 3. Bf4 c5 4. e3 Nc6 5. a3 Bg4 6. Be2 e6 7. h3 Bh5 8. c3 Bd6 9. Ne5 Bxe2 10. Qxe2 0-0 11. Nd2 Qc7 12. Nd3 Bxf4 13. Nxf4 cxd4 14. cxd4 Nxd4 15. exd4 Qxf4 16. Nf3 Qe4 17. Qxe4 Nxe4 18. Rc1 Rfc8 19. Ke2 Kf8 20. Ne5 Ke7 21. Nd3 b6 22. Ne5 f6 23. Nc6+ Kd7 24. Nb4 Nd6 25. f3 Rxc1 26. Rxc1 Rc8 27. Rxc8 Nxc8 28. Kd3 Nd6 29. Nc2 Nf5 30. b4 a6 31. a4 Kd6 32. f4 h6 33. Na3 g5 34. fxg5 hxg5 35. g4 Ne7 36. Ke3 Ng6 37. Kf3 e5 38. Ke3 Nf4 39. Nc2 Nxh3 40. Kf3 Nf4 41. dxe5+ fxe5 42. Ke3 a5 43. bxa5 bxa5 44. Ne1 e4 45. Kd4 Ne6+ 46. Ke3 Ke5 0-1

[Event "GER-chT U20"]
[Site "Arendsee"]
[Date "2008.12.27"]
[Round "2.4"]
[White "Katte, Nicolas"]
[Black "Luft, Dennis"]
[Result "0-1"]
[WhiteElo "1906"]
[BlackElo "1984"]
[PlyCount "50"]
[EventDate "2008.12.27"]
[EventType "team-swiss"]
[EventRounds "7"]
[EventCountry "GER"]
[SourceTitle "CBM 128 Extra"]
[Source "ChessBase"]
[SourceDate "2009.03.05"]
[SourceVersion "2"]
[SourceVersionDate "2009.03.25"]
[SourceQuality "1"]
[WhiteTeam "Schott Mainz"]
[BlackTeam "Brackel"]
[WhiteTeamCountry "GER"]
[BlackTeamCountry "GER"]

1. d4 d5 2. Nf3 Nf6 3. Bf4 e6 4. e3 Nbd7 5. Bd3 Be7 6. Nbd2 0-0 7. Ne5 c5 8. c3 Qb6 9. b3 Re8 10. g4 cxd4 11. exd4 Nxe5 12. dxe5 Nd7 13. Qc2 Nf8 14. Nf3 Bd7 15. h4 Bb5 16. h5 Bxd3 17. Qxd3 Rac8 18. g5 Rxc3 19. Qe2 Rec8 20. Bd2 Bb4 21. 0-0 Rc2 22. h6 Bxd2 23. hxg7 Ng6 24. Nxd2 Qd4 25. Rad1 R8c3 0-1

[Event "EU-ch 8th"]
[Site "Dresden"]
[Date "2007.04.13"]
[Round "10"]
[White "Katte, Nicolas"]
[Black "Zweschper, Erich"]
[Result "0-1"]
[WhiteElo "1946"]
[BlackElo "2187"]
[PlyCount "54"]
[EventDate "2007.04.03"]
[EventType "swiss"]
[EventRounds "11"]
[EventCountry "GER"]
[SourceTitle "CBM 118"]
[Source "ChessBase"]
[SourceDate "2007.05.31"]
[SourceVersion "1"]
[SourceVersionDate "2007.05.31"]
[SourceQuality "1"]

1. d4 Nf6 2. Nf3 d6 3. Bf4 Nbd7 4. h3 g6 5. e3 Bg7 6. Bd3 0-0 7. c3 Qe8 8. Bg5 e5 9. Nfd2 h6 10. Bh4 exd4 11. cxd4 Nd5 12. 0-0 Nxe3 13. Qb3 Nxf1 14. Kxf1 Kh7 15. Nc3 Bf6 16. Re1 Qd8 17. Bg3 Bxd4 18. Qc4 Be5 19. Bh4 Bf6 20. Bxf6 Nxf6 21. Qh4 Be6 22. Ne2 Nd5 23. Qe4 c6 24. Nd4 Re8 25. Qf3 Qf6 26. Qxf6 Nxf6 27. N2f3 Bd5 0-1

[Event "GER-chT U20"]
[Site "Kelbra"]
[Date "2006.12.30"]
[Round "7.5"]
[White "Wolff, Christoph1"]
[Black "Katte, Nicolas"]
[Result "0-1"]
[WhiteElo "1645"]
[BlackElo "1928"]
[PlyCount "44"]
[EventDate "2006.12.27"]
[EventType "team-swiss"]
[EventRounds "7"]
[EventCountry "GER"]
[SourceTitle "EXT 2008"]
[Source "ChessBase"]
[SourceDate "2007.11.25"]
[SourceVersion "1"]
[SourceVersionDate "2007.11.25"]
[SourceQuality "1"]
[WhiteTeam "Stadtilm Blau Weiss U20"]
[BlackTeam "Mainz Schott U20"]
[WhiteTeamCountry "GER"]
[BlackTeamCountry "GER"]

1. e4 e5 2. Nf3 Nf6 3. Nc3 Bb4 4. Bc4 d6 5. d3 Bxc3+ 6. bxc3 Be6 7. Bxe6 fxe6 8. Bg5 0-0 9. 0-0 Nbd7 10. Rb1 Qe8 11. Qe2 Nb6 12. d4 Qc6 13. Bxf6 Rxf6 14. Qd3 exd4 15. cxd4 Raf8 16. e5 Rg6 17. Kh1 Nd5 18. Nh4 Rg4 19. Qh3 h5 20. f4 Qxc2 21. f5 Nf4 22. Qf3 Rxh4 0-1

[Event "GER-chT U16"]
[Site "Berlin"]
[Date "2005.12.30"]
[Round "7.1"]
[White "Katte, Nicolas"]
[Black "Eibl, Maximilian"]
[Result "1/2-1/2"]
[WhiteElo "1923"]
[BlackElo "1831"]
[PlyCount "36"]
[EventDate "2005.12.27"]
[EventType "team-swiss"]
[EventRounds "7"]
[EventCountry "GER"]
[SourceTitle "EXT 2022"]
[Source "ChessBase"]
[SourceDate "2021.10.06"]
[SourceVersion "1"]
[SourceVersionDate "2021.10.06"]
[SourceQuality "1"]
[WhiteTeam "Mainz Schott U16"]
[BlackTeam "Kelheim SK U16"]
[WhiteTeamCountry "GER"]
[BlackTeamCountry "GER"]

1. d4 Nf6 2. Nf3 c5 3. e3 d5 4. c3 Nc6 5. Bd3 Bg4 6. Nbd2 cxd4 7. exd4 e6 8. 0-0 Bd6 9. Re1 0-0 10. Qc2 Rc8 11. h3 Nb4 12. Qb1 Nxd3 13. Qxd3 Bf5 14. Qe3 Nd7 15. Nf1 Qc7 16. Qg5 Be4 17. Ne3 Bf4 18. Qh4 Bd6 1/2-1/2

[Event "GER-chT U16"]
[Site "Berlin"]
[Date "2005.12.28"]
[Round "4.1"]
[White "Katte, Nicolas"]
[Black "Gebhardt, Martin"]
[Result "1-0"]
[WhiteElo "1923"]
[BlackElo "2027"]
[PlyCount "83"]
[EventDate "2005.12.27"]
[EventType "team-swiss"]
[EventRounds "7"]
[EventCountry "GER"]
[SourceTitle "EXT 2022"]
[Source "ChessBase"]
[SourceDate "2021.10.06"]
[SourceVersion "1"]
[SourceVersionDate "2021.10.06"]
[SourceQuality "1"]
[WhiteTeam "Mainz Schott U16"]
[BlackTeam "Apolda TSG U16"]
[WhiteTeamCountry "GER"]
[BlackTeamCountry "GER"]

1. d4 e6 2. Nf3 Nf6 3. Bg5 h6 4. Bh4 b6 5. e3 Bb7 6. Nbd2 c5 7. Bd3 Be7 8. c3 d6 9. 0-0 Nbd7 10. Re1 e5 11. e4 Qc7 12. Nc4 b5 13. Ne3 c4 14. Bc2 0-0 15. Nf5 Rfe8 16. Qd2 Bf8 17. d5 a5 18. h3 Nh5 19. g3 Bc8 20. a4 Ndf6 21. axb5 Bd7 22. Nh2 Kh7 23. Bd1 g6 24. g4 gxf5 25. exf5 Be7 26. gxh5 Bxf5 27. Bc2 Qd7 28. Kh1 Rg8 29. Rg1 Rxg1+ 30. Rxg1 Rg8 31. Rxg8 Nxg8 32. Bxf5+ Qxf5 33. Bxe7 Nxe7 34. Ng4 Qf3+ 35. Kh2 Nf5 36. b6 Qd3 37. Qxd3 cxd3 38. Nf6+ Kg7 39. Ne4 Nh4 40. b7 Nf3+ 41. Kg2 Ng5 42. Nd2 1-0

[Event "GER-chT U16"]
[Site "Berlin"]
[Date "2005.12.27"]
[Round "1.1"]
[White "Bracker, Frank"]
[Black "Katte, Nicolas"]
[Result "1-0"]
[WhiteElo "2064"]
[BlackElo "1923"]
[PlyCount "51"]
[EventDate "2005.12.27"]
[EventType "team-swiss"]
[EventRounds "7"]
[EventCountry "GER"]
[SourceTitle "EXT 2022"]
[Source "ChessBase"]
[SourceDate "2021.10.06"]
[SourceVersion "1"]
[SourceVersionDate "2021.10.06"]
[SourceQuality "1"]
[WhiteTeam "Hamburger SK U16"]
[BlackTeam "Mainz Schott U16"]
[WhiteTeamCountry "GER"]
[BlackTeamCountry "GER"]

1. e4 e6 2. d4 b6 3. Bd3 Bb7 4. Nf3 Nf6 5. Qe2 d6 6. 0-0 Nbd7 7. c3 Be7 8. Re1 0-0 9. Nbd2 Re8 10. e5 dxe5 11. dxe5 Nd5 12. Ne4 Nf8 13. a3 Ng6 14. g3 c5 15. c4 Nc7 16. Bg5 Nxe5 17. Nxe5 Bxg5 18. Qh5 Bh6 19. Qxf7+ Kh8 20. Qh5 Rf8 21. Rad1 Qe7 22. Nd6 Qxd6 23. Be4 Qe7 24. Bxb7 Rf5 25. Qxf5 exf5 26. Ng6+ 1-0

[Event "GER-chT U16"]
[Site "Dittrichshuette"]
[Date "2004.12.27"]
[Round "2"]
[White "Katte, Nicolas"]
[Black "Klebanov, Andrej"]
[Result "0-1"]
[WhiteElo "1663"]
[BlackElo "1598"]
[PlyCount "63"]
[EventDate "2004.12.27"]
[EventType "team"]
[EventRounds "6"]
[EventCountry "GER"]
[SourceTitle "EXT 2006"]
[Source "ChessBase"]
[SourceDate "2005.11.24"]
[SourceVersion "1"]
[SourceVersionDate "2005.11.24"]
[SourceQuality "1"]

1. Nf3 Nf6 2. d4 g6 3. Bf4 d6 4. e3 Bg7 5. h3 0-0 6. Be2 Nbd7 7. c4 c5 8. 0-0 b6 9. Nc3 Bb7 10. Rb1 Rc8 11. d5 Nh5 12. Bh2 Bxc3 13. bxc3 Nhf6 14. Qc2 Re8 15. h4 Nf8 16. Rfd1 Rc7 17. Ng5 Bc8 18. Bf4 Bd7 19. Nh3 Bf5 20. Bd3 Bxd3 21. Qxd3 Qd7 22. f3 Rd8 23. Rb2 Nh5 24. Bh2 Qf5 25. e4 Qf6 26. g3 e5 27. Kg2 Nd7 28. g4 Ng7 29. Bg3 Rf8 30. Rf1 Qe7 31. Kh1 Rb8 32. Rg2 0-1

[Event "GER-ch U25 op"]
[Site "Willingen"]
[Date "2004.05.31"]
[Round "4"]
[White "Kiener, Georg"]
[Black "Katte, Nicolas"]
[Result "1-0"]
[WhiteElo "2008"]
[BlackElo "1729"]
[PlyCount "99"]
[EventDate "2004.05.30"]
[EventType "swiss"]
[EventRounds "9"]
[EventCountry "GER"]
[SourceTitle "EXT 2005"]
[Source "ChessBase"]
[SourceDate "2004.11.15"]
[SourceVersion "1"]
[SourceVersionDate "2004.11.15"]
[SourceQuality "1"]

1. e4 d6 2. d4 Nf6 3. Nc3 g6 4. Bg5 Bg7 5. e5 dxe5 6. dxe5 Qxd1+ 7. Rxd1 Nfd7 8. Nd5 Bxe5 9. Nf3 c6 10. Nxe7 f6 11. Nxc8 0-0 12. Ne7+ Kf7 13. Nxg6 hxg6 14. Bc1 Bc7 15. Bc4+ Kg7 16. 0-0 Nb6 17. Bb3 N8d7 18. Rfe1 Rae8 19. Be3 c5 20. Bd5 Ne5 21. Nxe5 Rxe5 22. Bxb7 Rh5 23. h3 Rfh8 24. Bf3 Re5 25. a4 a5 26. b3 Rhe8 27. Bd2 Rxe1+ 28. Rxe1 Rxe1+ 29. Bxe1 Nd7 30. Kf1 Ne5 31. Bd5 Kf8 32. Ke2 Ke7 33. c3 Nf7 34. Bxf7 Kxf7 35. Kd3 Ke6 36. Kc4 Kd6 37. f3 Kc6 38. Bh4 g5 39. Bf2 Bd6 40. g4 Bf8 41. h4 gxh4 42. Bxh4 Be7 43. Bf2 Bd6 44. Be3 Bf8 45. g5 fxg5 46. Bxg5 Bg7 47. Be7 Be5 48. Bxc5 Bxc3 49. Kxc3 Kxc5 50. f4 1-0

[Event "GER-chT U20"]
[Site "Ditzingen"]
[Date "2003.12.30"]
[Round "7.5"]
[White "Stellwagen, Robin"]
[Black "Katte, Nicolas"]
[Result "1-0"]
[WhiteElo "2054"]
[BlackElo "1655"]
[PlyCount "113"]
[EventDate "2003.12.27"]
[EventType "team-swiss"]
[EventRounds "7"]
[EventCountry "GER"]
[SourceTitle "EXT 2022"]
[Source "ChessBase"]
[SourceDate "2021.10.06"]
[SourceVersion "1"]
[SourceVersionDate "2021.10.06"]
[SourceQuality "1"]
[WhiteTeam "Hamburger SK U20"]
[BlackTeam "Mainz Theresianum U20"]
[WhiteTeamCountry "GER"]
[BlackTeamCountry "GER"]

1. e4 e6 2. d4 b6 3. Nf3 Bb7 4. Bd3 Be7 5. c3 Nf6 6. Qc2 h6 7. Nbd2 0-0 8. b4 d6 9. a4 Nbd7 10. Ba3 c5 11. 0-0 d5 12. e5 Nh5 13. g3 Rc8 14. Qd1 c4 15. Bc2 g6 16. Ne1 Qe8 17. Qg4 Kh8 18. Ng2 Rg8 19. f4 Ng7 20. Qe2 Nf5 21. g4 Nh4 22. Nxh4 Bxh4 23. Nf3 Qd8 24. Bc1 Be7 25. Kh1 Qf8 26. Bd2 f5 27. exf6 Qxf6 28. Ne5 Nxe5 29. fxe5 Qg7 30. Qg2 Rcf8 31. Kg1 g5 32. Qh3 Rxf1+ 33. Rxf1 Rf8 34. Qh5 Rxf1+ 35. Kxf1 Bc6 36. b5 Bd7 37. Bg6 Kg8 38. Kg2 Kf8 39. h4 Bd8 40. hxg5 hxg5 41. Bxg5 Bxg5 42. Qxg5 Be8 43. Qf4+ Bf7 44. Qxf7+ Qxf7 45. Bxf7 Kxf7 46. Kg3 Kg8 47. Kf4 Kf8 48. Kg5 Kg7 49. Kh5 Kh7 50. g5 Kg7 51. g6 Kg8 52. Kh6 Kh8 53. g7+ Kg8 54. Kg6 a5 55. bxa6 b5 56. a7 b4 57. a8R# 1-0

[Event "Erlangen op 18th"]
[Site "Erlangen"]
[Date "2003.??.??"]
[Round "4"]
[White "Bauer, Martin2"]
[Black "Katte, Nicolas"]
[Result "1/2-1/2"]
[WhiteElo "1475"]
[BlackElo "1668"]
[PlyCount "86"]
[EventDate "2003.11.??"]
[EventType "swiss"]
[EventRounds "5"]
[EventCountry "GER"]
[SourceTitle "EXT 2005"]
[Source "ChessBase"]
[SourceDate "2004.11.15"]
[SourceVersion "1"]
[SourceVersionDate "2004.11.15"]
[SourceQuality "1"]

1. e4 e6 2. d4 b6 3. a3 Bb7 4. Nc3 d6 5. Nf3 Nd7 6. Bd3 Be7 7. 0-0 Ngf6 8. Be3 0-0 9. Nd2 c5 10. f4 Ne8 11. Rf3 f5 12. Rh3 fxe4 13. Ndxe4 h6 14. Qg4 Nef6 15. Qg6 c4 16. Be2 d5 17. Nf2 Kh8 18. Ng4 Nxg4 19. Qxg4 Nf6 20. Qg6 Qe8 21. Qg3 Bc8 22. Qf2 Bd7 23. Rf3 Ng4 24. Qf1 Qg6 25. Rc1 Nxe3 26. Rxe3 Bd6 27. Rf3 Rf7 28. Kh1 Raf8 29. g3 Qh7 30. Qg2 Rf6 31. Nd1 Be8 32. Ne3 Bh5 33. Rf2 Bxe2 34. Rxe2 b5 35. c3 Rg6 36. Qh3 Rgf6 37. Rf1 g5 38. fxg5 Qe4+ 39. Kg1 Rxf1+ 40. Nxf1 Qxe2 41. Qxh6+ Kg8 42. Qg6+ Kh8 43. Qh6+ Kg8 1/2-1/2

[Event "Erlangen op 18th"]
[Site "Erlangen"]
[Date "2003.??.??"]
[Round "1"]
[White "Katte, Nicolas"]
[Black "Esterluss, Johannes"]
[Result "0-1"]
[WhiteElo "1668"]
[BlackElo "2013"]
[PlyCount "68"]
[EventDate "2003.11.??"]
[EventType "swiss"]
[EventRounds "5"]
[EventCountry "GER"]
[SourceTitle "EXT 2005"]
[Source "ChessBase"]
[SourceDate "2004.11.15"]
[SourceVersion "1"]
[SourceVersionDate "2004.11.15"]
[SourceQuality "1"]

1. e4 c5 2. Nc3 Nc6 3. f4 g6 4. Nf3 Bg7 5. Bb5 Nd4 6. a4 a6 7. Bc4 e6 8. e5 d5 9. exd6 Qxd6 10. d3 Ne7 11. Ne4 Qc7 12. c3 Nxf3+ 13. Qxf3 0-0 14. 0-0 Bd7 15. a5 Nf5 16. g4 Nd6 17. Nxd6 Qxd6 18. Qxb7 Bc6 19. Qb3 Rab8 20. Qc2 Ba8 21. h3 Kh8 22. Kf2 f5 23. g5 e5 24. Kg3 Rfe8 25. Qf2 Re7 26. Be3 exf4+ 27. Bxf4 Be5 28. Rfe1 Rbe8 29. Bxe5+ Rxe5 30. Rxe5 Rxe5 31. Qf4 Re3+ 32. Kh2 Re2+ 33. Kg3 Rg2+ 34. Kh4 Qxf4# 0-1

[Event "GER-chT U20"]
[Site "Greifswald"]
[Date "2002.12.29"]
[Round "5.6"]
[White "Katte, Nicolas"]
[Black "Stejskal, Hans Christian"]
[Result "0-1"]
[WhiteElo "1336"]
[BlackElo "2120"]
[PlyCount "56"]
[EventDate "2002.12.27"]
[EventType "team"]
[EventRounds "7"]
[EventCountry "GER"]
[SourceTitle "CBM 092 Extra"]
[Source "ChessBase"]
[SourceDate "2003.03.07"]
[SourceVersion "1"]
[SourceVersionDate "2003.03.07"]
[SourceQuality "1"]

1. e4 d5 2. exd5 Qxd5 3. Nc3 Qa5 4. Nf3 Bf5 5. d3 c6 6. Bf4 e6 7. a3 Nf6 8. Be2 Qd8 9. Qd2 Bd6 10. 0-0-0 0-0 11. Nh4 Bg6 12. Bg5 Nbd7 13. Ne4 Be7 14. Bf3 Bxe4 15. dxe4 Ne5 16. Qc3 Qc7 17. Kb1 Nxf3 18. Qxf3 Qe5 19. Bc1 Qxe4 20. Qxe4 Nxe4 21. Rd7 Bxh4 22. Rd4 f5 23. f3 Bf6 24. Rb4 Nd6 25. Rd1 Rfd8 26. Rb3 b6 27. f4 Ne4 28. Re1 Rd7 0-1

[Event "SJRH-ch U14"]
[Site "Mainz"]
[Date "2002.01.05"]
[Round "6"]
[White "Katte, Nicolas"]
[Black "Haller, Nils"]
[Result "1-0"]
[WhiteElo "1369"]
[BlackElo "1350"]
[PlyCount "87"]
[EventDate "2002.01.02"]
[EventType "swiss"]
[EventRounds "7"]
[EventCountry "GER"]
[SourceTitle "EXT 2003"]
[Source "ChessBase"]
[SourceDate "2002.11.25"]
[SourceVersion "1"]
[SourceVersionDate "2002.11.25"]
[SourceQuality "1"]

1. e4 e5 2. Nf3 Nc6 3. d4 exd4 4. Nxd4 Nf6 5. Nc3 Bb4 6. Qd3 Qe7 7. f3 d5 8. Nxc6 bxc6 9. Bg5 0-0 10. 0-0-0 Bxc3 11. Qxc3 dxe4 12. Qxc6 Be6 13. Qxe4 Nxe4 14. Bxe7 Nf2 15. Bxf8 Kxf8 16. Bb5 Nxh1 17. Rxh1 Ke7 18. Rd1 Rb8 19. Ba4 Rb6 20. Rd3 Ra6 21. b3 c6 22. Rc3 Bd5 23. Re3+ Be6 24. f4 f5 25. g4 g6 26. gxf5 gxf5 27. Rh3 Bg8 28. Rh6 Kd7 29. Bb5 Rb6 30. Bd3 Rb4 31. Bxf5+ Kc7 32. Bxh7 Bf7 33. f5 Rf4 34. Rh3 Kd7 35. Rd3+ Kc7 36. Re3 Kd7 37. Kd2 c5 38. Bg6 Bg8 39. Ke2 Rh4 40. h3 Rf4 41. Rf3 Re4+ 42. Kf2 Bd5 43. Rd3 Re5 44. c4 1-0

[Event "SJRH-ch U14"]
[Site "Mainz"]
[Date "2002.01.04"]
[Round "4"]
[White "Gaubatz, Jan Lars"]
[Black "Katte, Nicolas"]
[Result "0-1"]
[WhiteElo "1261"]
[BlackElo "1369"]
[PlyCount "50"]
[EventDate "2002.01.02"]
[EventType "swiss"]
[EventRounds "7"]
[EventCountry "GER"]
[SourceTitle "EXT 2003"]
[Source "ChessBase"]
[SourceDate "2002.11.25"]
[SourceVersion "1"]
[SourceVersionDate "2002.11.25"]
[SourceQuality "1"]

1. e4 e5 2. Nf3 Nf6 3. Nxe5 d6 4. Nf3 Nxe4 5. Qe2 Qe7 6. d3 Nf6 7. h3 Nc6 8. Bg5 Qxe2+ 9. Bxe2 Be7 10. 0-0 Be6 11. Nc3 0-0-0 12. Be3 Kb8 13. Nd4 Nxd4 14. Bxd4 h5 15. Rab1 g5 16. Nb5 a6 17. Nc3 Rh7 18. Bxf6 Bxf6 19. f3 g4 20. hxg4 Bd4+ 21. Kh2 hxg4+ 22. Kg3 gxf3 23. Kxf3 Rg8 24. Ne4 Bg4+ 25. Kf4 Bxe2 0-1